[Event "Mechanics' Spring TNM; G/2"]
[Site "San Francisco"]
[Date "2017.04.11"]
[Round "5.41"]
[White "Cowgill, Jackie"]
[Black "Chan, John"]
[Result "0-1"]
[WhiteElo "937"]
[BlackElo "1551"]
[Annotator "Donaldson"]
[PlyCount "90"]
[EventDate "2017.??.??"]

1. e4 e6 2. d4 d5 3. Nc3 Nf6 4. e5 Nfd7 5. f4 g6 6. Nf3 h6 7. Be2 a6 8. Be3 Nc6
9. a3 (9. O-O) 9... Ne7 10. Qd2 (10. O-O) 10... Nf5 11. O-O-O (11. Bf2) 11...
b5 (11... Nxe3) 12. Na2 (12. Bf2) 12... c6 13. g4 (13. Bf2) 13... Nxe3 14. Qxe3
Nb6 15. Nd2 Bd7 16. Nb3 a5 17. Nc5 Bc8 18. h4 Bxc5 19. dxc5 Nd7 20. h5 Qe7 (
20... g5 $1) 21. g5 $5 (21. hxg6 fxg6 22. Bd3 $16) 21... Qxc5 22. Qd3 (22. Qg3
$1) 22... hxg5 $6 (22... Nf8 23. hxg6 Nxg6 24. Rxh6 Rxh6 25. gxh6 Qf2) 23. hxg6
Rxh1 $4 {Diagram [#]} (23... Qf8) 24. Rxh1 (24. g7 {wins on the spot!}) 24...
Qf8 25. gxf7+ Kd8 26. fxg5 (26. Qg6 $1) 26... Nxe5 27. Qh3 Nxf7 28. g6 e5 29.
Qh4+ Kc7 30. Qh7 Be6 31. gxf7 Kb6 32. Bh5 Ra7 33. Qg6 Re7 34. Qg1+ d4 35. Kb1
Bxf7 36. Nc3 Be6 37. Ne4 Bd5 38. Qe1 Rg7 39. b3 $4 (39. Rf1 $16) 39... Qxa3 40.
Rh3 a4 (40... Bxe4) 41. Nf6 Be6 42. Bg4 axb3 43. Rxb3 Bxb3 44. cxb3 Qxb3+ 45.
Ka1 Ra7+ 0-1

[Event "Mechanics' Fall TNM; G/2 d5"]
[Site "San Francisco"]
[Date "2017.10.24"]
[Round "1.34"]
[White "Cowgill, Jackie"]
[Black "Crofts, Jacob"]
[Result "0-1"]
[WhiteElo "971"]
[BlackElo "1714"]
[Annotator "Donaldson"]
[PlyCount "92"]
[EventDate "2017.??.??"]

1. e4 c5 2. Nf3 Nc6 3. d4 cxd4 4. Nxd4 g6 5. Be3 Bg7 6. c3 (6. Nc3) (6. c4)
6... Nf6 7. Nd2 O-O 8. Be2 d5 $1 9. Nxc6 bxc6 10. e5 Nd7 11. O-O (11. f4 e6 12.
O-O f6) 11... Bxe5 12. Nf3 Bg7 13. Re1 Bb7 14. Rb1 Re8 15. Qd2 Qc7 16. b4 Nb6
17. Bd4 e5 18. Be3 f5 19. Bh6 f4 20. Bxg7 Kxg7 21. h4 Qe7 22. h5 e4 23. Qd4+
Qf6 24. h6+ Kf7 25. Qxf6+ Kxf6 26. Nd4 Kg5 27. f3 Kxh6 28. g3 exf3 29. Nxf3
fxg3 30. Kg2 Re3 31. Kxg3 Rae8 32. Kf2 Nd7 33. Rh1+ Kg7 34. Rbe1 Nf6 35. b5
Rxc3 36. a4 c5 37. b6 axb6 38. Bb5 Ne4+ 39. Kg2 Rf8 40. Rhf1 Rc2+ 41. Be2 Nc3
42. Ng5 Rxf1 43. Kxf1 Nxe2 44. Rxe2 Ba6 45. Ne6+ Kh6 46. Nf4 g5 0-1

[Event "Mechanics' Spring TNM; G/2"]
[Site "San Francisco"]
[Date "2017.03.21"]
[Round "2.39"]
[White "Cowgill, Jackie"]
[Black "Erdenebileg, Erkhes"]
[Result "1-0"]
[WhiteElo "937"]
[BlackElo "1551"]
[Annotator "Donaldson"]
[PlyCount "51"]
[EventDate "2017.??.??"]

1. e4 e5 2. Nf3 Nc6 3. Bb5 a6 4. Ba4 Nf6 5. O-O Be7 6. Re1 d6 7. Bxc6+ bxc6 8.
Nc3 Bg4 9. d3 h6 10. Ne2 Bxf3 11. gxf3 O-O 12. Ng3 Nh7 13. c4 d5 14. a3 Qd7 15.
Nf5 Bg5 16. f4 Bxf4 $2 17. Bxf4 (17. Qg4) 17... exf4 {Diagram [#]} 18. Qg4 $1
Ng5 19. Nxh6+ gxh6 20. Qxd7 Nf3+ 21. Kh1 Nxe1 22. Qg4+ Kh8 23. Rxe1 Rg8 24.
Qxf4 Rab8 25. b4 a5 26. Qxh6# 1-0

[Event "Mechanics' Peter Grey TNM; G/2 d5"]
[Site "San Francisco"]
[Date "2017.08.15"]
[Round "2.41"]
[White "Cowgill, Jackie"]
[Black "Giridharan, Durgashankar"]
[Result "0-1"]
[WhiteElo "925"]
[BlackElo "1469"]
[Annotator "Donaldson"]
[PlyCount "92"]
[EventDate "2017.??.??"]

1. e4 c5 2. Nf3 Nc6 3. d4 cxd4 4. Nxd4 g6 5. c3 $6 (5. c4) (5. Nc3) 5... Bg7 6.
Be3 Nf6 7. Nd2 O-O 8. Be2 d5 $1 9. Nxc6 bxc6 10. exd5 Nxd5 11. Nf3 Nxe3 12.
fxe3 Qb6 13. O-O $2 (13. Qc1) 13... Qxb2 (13... Qxe3+ 14. Kh1 Rb8) 14. Rb1 Qxa2
15. c4 Bf5 16. Rb4 Bc3 17. Qb3 Qxb3 18. Rxb3 Bf6 19. Nd4 Be4 20. Rf4 Bxd4 21.
Rxe4 Bf6 22. Rf4 Rfd8 23. Rf1 Rd2 24. Bf3 Rc8 25. Ra3 Rc7 26. Rb1 Rb2 27. Rb3
Rxb1+ 28. Rxb1 a5 29. Kf1 c5 30. Ke2 Bc3 31. Kd3 Bb4 32. h4 f5 33. g4 Rd7+ 34.
Ke2 Rd2+ 35. Kf1 a4 36. Bd1 a3 37. Bb3 fxg4 38. Ra1 Rh2 39. Ra2 Rxh4 40. Kg2
Rh3 41. Re2 h5 42. Ba2 Kg7 43. e4 Rd3 44. e5 Rd2 45. Rxd2 Bxd2 46. Kf2 Bf4 0-1

[Event "Mechanics' Winter TNM; G/2"]
[Site "San Francisco"]
[Date "2017.02.21"]
[Round "8.36"]
[White "Cowgill, Jackie"]
[Black "Harris, Clarence"]
[Result "0-1"]
[WhiteElo "914"]
[BlackElo "1410"]
[PlyCount "60"]
[EventDate "2017.??.??"]

1. e4 e5 2. Nf3 Nc6 3. Bb5 a6 4. Ba4 Nf6 5. O-O Be7 6. Re1 b5 7. Bb3 O-O 8. c3
d5 9. exd5 Nxd5 10. d4 exd4 11. Nxd4 Nxd4 12. Bxd5 c6 13. cxd4 cxd5 14. Be3 Bd6
15. Nd2 Re8 16. Rc1 Re6 17. a3 Rg6 18. Nf1 Bh3 19. Ng3 Bg4 20. Qd3 h5 21. Nf5
Bf3 22. g3 Be4 23. Nh6+ gxh6 24. Qe2 h4 25. Qh5 Qd7 26. f3 Qh3 27. fxe4 Bxg3
28. Re2 Bxh2+ 29. Kh1 Bf4+ 30. Rh2 Qxh2# 0-1

[Event "Mechanics' Spring TNM; G/2"]
[Site "San Francisco"]
[Date "2017.03.28"]
[Round "3.32"]
[White "Cowgill, Jackie"]
[Black "Malykin, Erika"]
[Result "0-1"]
[WhiteElo "937"]
[BlackElo "1567"]
[PlyCount "60"]
[EventDate "2017.??.??"]

1. e4 e6 2. d4 c5 3. Nf3 cxd4 4. Nxd4 Nc6 5. Nb5 Bb4+ 6. N1c3 a6 7. Nd6+ Bxd6
8. Qxd6 Qe7 9. Qd1 Qh4 10. g3 Qf6 11. Be3 Nge7 12. Qd2 Qf3 13. Rg1 Qf6 14.
O-O-O h6 15. f4 d5 16. Bg2 d4 17. e5 dxc3 18. Qxc3 Qf5 19. Bxc6+ Nxc6 20. Rd6
O-O 21. Bc5 Re8 22. Bb6 Ne7 23. Rd8 Rxd8 24. Bxd8 Nd5 25. Qa3 Bd7 26. Qa5 Rc8
27. Rg2 Qe4 28. Rd2 Ne3 29. Bc7 Qh1+ 30. Rd1 Qxd1# 0-1

[Event "Mechanics' Winter TNM; G/2"]
[Site "San Francisco"]
[Date "2017.01.31"]
[Round "5.48"]
[White "Cowgill, Jackie"]
[Black "Marrus, Matthew"]
[Result "0-1"]
[WhiteElo "914"]
[BlackElo "1264"]
[PlyCount "98"]
[EventDate "2017.??.??"]

1. e4 e5 2. Nf3 Nc6 3. Bb5 Nf6 4. O-O Bc5 5. c3 d6 6. h3 Nxe4 7. Bxc6+ bxc6 8.
d4 exd4 9. Nxd4 O-O 10. Re1 Qh4 11. Be3 Bb7 12. Nd2 Rfe8 13. Nxe4 Rxe4 14. Nf3
Qe7 15. Bxc5 dxc5 16. Rxe4 Qxe4 17. Qd7 Re8 18. Re1 Qxe1+ 19. Nxe1 Rxe1+ 20.
Kh2 h6 21. c4 Re2 22. Qxc7 Rxb2 23. a4 Ba6 24. Qxa7 Bxc4 25. Qxc5 Bd5 26. Qa3
Rxf2 27. Qg3 Ra2 28. Qg4 f5 29. Qg6 Be4 30. Kg1 Rxa4 31. Kf2 Ra2+ 32. Ke3 Rxg2
33. Qe8+ Kh7 34. h4 Rg1 35. h5 Rg3+ 36. Kd4 Rg4 37. Kc5 Rg5 38. Kd4 Bf3 39. Kc4
Rxh5 40. Kc5 f4+ 41. Kd4 Rd5+ 42. Kc3 Bh1 43. Qf8 f3 44. Qa8 f2 45. Qa1 Rf5 46.
Qxh1 f1=Q 47. Qe4 g6 48. Qe7+ Rf7 49. Qd6 Qc1+ 0-1

[Event "Mechanics' Summer TNM; G/2 d5"]
[Site "San Francisco"]
[Date "2017.06.27"]
[Round "6.47"]
[White "Cowgill, Jackie"]
[Black "Nassif, Wassim"]
[Result "0-1"]
[WhiteElo "946"]
[BlackElo "1173"]
[PlyCount "102"]
[EventDate "2017.??.??"]

1. e4 e5 2. Nf3 Nc6 3. Bb5 a6 4. Ba4 Nf6 5. O-O Nxe4 6. d4 exd4 7. Re1 d5 8.
Bxc6+ bxc6 9. Nbd2 Be7 10. Nxe4 dxe4 11. Rxe4 O-O 12. Re1 c5 13. b3 Bf6 14. Rb1
Bb7 15. Nd2 Qd6 16. Nf3 Rae8 17. Bb2 Rxe1+ 18. Nxe1 a5 19. Qd3 Re8 20. Qb5 Qc6
21. Qxc6 Bxc6 22. a4 h6 23. Ba3 Re5 24. Nd3 Rg5 25. g3 Be7 26. Re1 Bf8 27. Bc1
Rg6 28. Bf4 Bd6 29. Bxd6 cxd6 30. h4 f5 31. Nf4 Rf6 32. h5 Be4 33. Nd3 Kf7 34.
Kf1 Ke7 35. f3 Kd7 36. fxe4 fxe4+ 37. Nf4 e3 38. Ke2 Rf5 39. Kd3 Rg5 40. Rg1
Ke7 41. c3 dxc3 42. Kxe3 d5 43. Kf3 d4 44. Re1+ Kd7 45. Ne6 Rxh5 46. Nxg7 Rh2
47. Re5 Kd6 48. Re6+ Kd5 49. Ra6 c2 50. b4 c1=Q 51. Rxa5 Qe3+ 0-1

[Event "Mechanics' Winter TNM; G/2"]
[Site "San Francisco"]
[Date "2017.01.10"]
[Round "2.25"]
[White "Cowgill, Jackie"]
[Black "Otterbach, Renate"]
[Result "0-1"]
[WhiteElo "914"]
[BlackElo "1149"]
[PlyCount "32"]
[EventDate "2017.??.??"]

1. e4 e6 2. d4 d5 3. Nc3 Nf6 4. e5 Nfd7 5. f4 c5 6. Be3 Nc6 7. Nb5 cxd4 8. Bxd4
Nxd4 9. Qxd4 Bc5 10. Qd2 O-O 11. O-O-O Qb6 12. Nf3 $2 Be3 13. Nfd4 Bxd2+ 14.
Rxd2 Nc5 15. Be2 Ne4 16. Rd3 Nf2 0-1

[Event "Mechanics' Peter Grey TNM; G/2 d5"]
[Site "San Francisco"]
[Date "2017.10.03"]
[Round "9.39"]
[White "Cowgill, Jackie"]
[Black "Robertson, Terrance"]
[Result "0-1"]
[WhiteElo "925"]
[BlackElo "1433"]
[PlyCount "63"]
[EventDate "2017.??.??"]

1. e4 e5 2. Nf3 Nf6 3. d4 Nxe4 4. dxe5 d6 5. exd6 Bxd6 6. Be2 Nc6 7. a3 O-O 8.
O-O Be6 9. Nbd2 Nxd2 10. Qxd2 h6 11. b4 Re8 12. Bb2 Bg4 13. Rfe1 $2 (13. Rad1)
13... Bxf3 14. Bxf3 Bxh2+ 15. Kxh2 Qxd2 16. Rf1 Qxc2 17. Bc1 Rad8 18. Be3 a6
19. Kg1 Qg6 20. Rad1 Rd3 21. Rxd3 Qxd3 22. a4 Qb3 23. b5 axb5 24. Bd1 Qb4 25.
axb5 Qxb5 26. Bf3 Ne5 27. Bd1 c5 28. Re1 Nd3 29. Be2 c4 30. Bxd3 cxd3 31. Rf1
Qb2 32. Bc1 0-1

[Event "Mechanics' Fall TNM; G/2 d5"]
[Site "San Francisco"]
[Date "2017.11.14"]
[Round "4.46"]
[White "Cowgill, Jackie"]
[Black "Rushton, Peter"]
[Result "1-0"]
[WhiteElo "971"]
[BlackElo "1629"]
[PlyCount "79"]
[EventDate "2017.??.??"]

1. e4 e5 2. Nf3 Nc6 3. Bb5 Nf6 4. O-O Nxe4 5. d4 Bd6 6. Bxc6 bxc6 7. dxe5 Be7
8. Re1 Ng5 9. Nxg5 Bxg5 10. Nd2 O-O 11. b3 d6 12. Bb2 d5 13. Nf3 a5 14. a4 Rb8
15. h3 Rb4 16. Ba3 Re4 17. Bxf8 Kxf8 18. Qd3 Bf5 19. Qc3 d4 20. Qxa5 d3 21.
cxd3 Rxe1+ 22. Nxe1 g6 23. Qc5+ Kg7 24. a5 Bd2 25. a6 Qa8 26. a7 Bxe1 27. Rxe1
Bxd3 28. Ra1 Be4 29. e6 f5 30. Qe5+ Kh6 31. Qxc7 c5 32. Qb8 Qd5 33. a8=Q Qxe6
34. Qf4+ Kh5 35. Qh8 Qf7 36. Qc3 g5 37. g4+ Kh6 38. Ra6+ Qg6 39. Rxg6+ hxg6 40.
Qh8# 1-0

[Event "Mechanics' Peter Grey TNM; G/2 d5"]
[Site "San Francisco"]
[Date "2017.09.05"]
[Round "5.43"]
[White "Cowgill, Jackie"]
[Black "Scalese, Nicole"]
[Result "1/2-1/2"]
[WhiteElo "925"]
[BlackElo "1126"]
[Annotator "Donaldson"]
[PlyCount "111"]
[EventDate "2017.??.??"]

1. e4 c6 2. d4 d5 3. exd5 cxd5 4. Nf3 Nf6 5. c4 Bf5 6. Nc3 e6 7. c5 g6 $6 (7...
Be7) 8. Be2 Nc6 9. O-O Bg7 10. h3 {
playing to restrict the bishop which is hemmed in by its own pawns.} Nb4 $2 (
10... O-O) 11. Qa4+ $1 Nc6 12. Be3 (12. Ne5) 12... O-O 13. Qd1 $6 Nb4 14. Rc1
Qa5 15. a3 Nc6 16. Ra1 (16. g4 {was the logical follow up to White's previous
play, forcing Black to sacrifice on g4 as} Be4 17. Ne5 {
intending f3 winning a piece.}) 16... b6 $2 17. b4 $1 Nxb4 18. axb4 Qxb4 19.
Na2 (19. Bd2 $1) 19... Qb2 20. Bd3 bxc5 21. Bxf5 exf5 22. Qa4 Rfe8 23. Rab1 Qb6
24. dxc5 $2 (24. Rxb6) 24... Qc7 25. Bd4 Qf4 26. Qc6 Nh5 27. Bxg7 Nxg7 28. Qxd5
Red8 29. Qc6 Rac8 30. Qf6 Qc4 31. Rb7 $2 Qxa2 32. Rxf7 $4 Qxf7 33. Qxf7+ Kxf7
34. Ra1 Rd7 $2 35. Ne5+ Ke6 36. Nxd7 Kxd7 37. Rxa7+ Rc7 38. Rxc7+ Kxc7 39. f3
Nh5 40. Kf2 Nf4 41. h4 Nd3+ 42. Ke3 Nxc5 43. g4 Nb3 44. gxf5 gxf5 45. h5 Kd6
46. Kf4 Ke6 47. Kg5 Nd2 48. Kh6 Nxf3 49. Kxh7 Ng5+ 50. Kg6 Nf7 51. h6 f4 52.
Kh5 f3 53. Kg4 Ne5+ 54. Kg3 Kf6 55. h7 Nf7 $4 (55... Kg7 {wins hands down.})
56. Kxf3 1/2-1/2

[Event "Mechanics' Summer TNM; G/2 d5"]
[Site "San Francisco"]
[Date "2017.05.30"]
[Round "2.40"]
[White "Cowgill, Jackie"]
[Black "Simpkins, Jerry"]
[Result "0-1"]
[WhiteElo "946"]
[BlackElo "1476"]
[Annotator "Donaldson"]
[PlyCount "66"]
[EventDate "2017.??.??"]

1. e4 e5 2. Nf3 f5 3. Nc3 (3. Nxe5 fxe4 (3... Qf6 4. Nc4 fxe4 5. Nc3 Qg6 6. d3
Bb4 7. Bd2 exd3 8. Bxd3 Qxg2 9. Be4 Qh3 10. Qe2 Ne7 11. O-O-O) 4. Qh5+ g6 5.
Nxg6) 3... fxe4 4. Nxe4 d5 5. Ng3 (5. Nxe5 dxe4 (5... Qe7 6. d4 dxe4 7. Qh5+ g6
8. Nxg6 hxg6 9. Qxh8 Be6) 6. Qh5+ g6 7. Nxg6) 5... e4 6. Nd4 (6. Ne5 Nf6 7. d4)
6... Nf6 7. h3 (7. d3 Bg4 8. Be2) 7... Bc5 8. c3 Bxd4 9. cxd4 O-O 10. Be2 (10.
d3 Nc6 11. Be3) 10... Nc6 11. O-O Nxd4 12. b3 (12. d3) 12... Nf5 13. Bb2 Nh4
14. Nh5 $2 (14. d3 exd3 15. Bxd3) 14... Nxh5 15. Bxh5 Qg5 16. Bg4 h5 (16...
Nf3+ 17. gxf3 Rxf3) 17. f4 exf3 18. Bxf3 Bxh3 19. Bxd5+ Kh8 $2 (19... Qxd5) 20.
Rxf8+ Rxf8 21. Bxg7+ Kxg7 22. Kh2 Qxd5 23. Qe2 Bg4 24. Qe7+ Kg8 25. Qxh4 Qe5+
26. Kg1 Qxa1+ 27. Kh2 Qf6 28. Qe1 Qf4+ 29. Kg1 Bd7 30. Qb1 Qg3 31. Kh1 Bc6 32.
Qg1 Qh3+ 33. Qh2 Rf1# 0-1

[Event "Mechanics' Fall TNM; G/2 d5"]
[Site "San Francisco"]
[Date "2017.11.28"]
[Round "6.42"]
[White "Cowgill, Jackie"]
[Black "Standen, Julian"]
[Result "0-1"]
[WhiteElo "971"]
[BlackElo "1600"]
[Annotator "Donaldson"]
[PlyCount "62"]
[EventDate "2017.??.??"]

1. e4 d5 2. exd5 Qxd5 3. Nf3 Nf6 4. Nc3 Qa5 5. Be2 (5. d4) 5... e6 6. a3 (6. d4
) (6. O-O) 6... c5 7. O-O Be7 8. d4 O-O 9. Be3 cxd4 10. Bxd4 Nc6 11. b4 Qc7 12.
Nb5 Qd8 13. c4 a6 14. Nc3 b6 15. Qd3 Bb7 16. Rad1 (16. Rfd1 Qc7 17. Rac1) 16...
Qc7 17. Ne4 Nxd4 18. Nxf6+ Bxf6 19. Nxd4 Rad8 20. Qe3 Rd6 21. Nf3 Rfd8 22. h4
h6 23. h5 a5 24. c5 Rxd1 25. Bxd1 bxc5 26. bxc5 Be7 27. a4 Qxc5 28. Qe2 Qb6 29.
Nh2 Ba6 30. Qe3 Qxe3 31. fxe3 Bxf1 0-1

[Event "Mechanics' Summer TNM; G/2 d5"]
[Site "San Francisco"]
[Date "2017.06.13"]
[Round "4.47"]
[White "Cowgill, Jackie"]
[Black "Than, Maung Nyunt"]
[Result "0-1"]
[WhiteElo "946"]
[BlackElo "1175"]
[PlyCount "90"]
[EventDate "2017.??.??"]

1. e4 c5 2. Nf3 Nc6 3. d4 cxd4 4. Nxd4 g6 5. c3 Bg7 6. Be3 Nf6 7. Qc2 O-O 8.
Be2 d6 9. O-O Ng4 10. Bxg4 Bxg4 11. f3 Bd7 12. Nd2 Rc8 13. Qd1 Qb6 14. N2b3 Qd8
15. Re1 a6 16. Nd2 Ne5 17. Nf1 Nc4 18. Bf2 Nxb2 19. Qb1 Na4 20. Qxb7 Nc5 21.
Qb2 Nd3 22. Qd2 Nxe1 23. Qxe1 Qa5 24. Qe3 Qxc3 25. Rd1 Qxe3 26. Nxe3 Ba4 27.
Nb3 Rb8 28. g4 Bxb3 29. axb3 Rxb3 30. Nd5 Rb7 31. Bd4 Bxd4+ 32. Rxd4 Ra8 33.
Kg2 Kf8 34. h4 Rb2+ 35. Kg3 Ra2 36. g5 a5 37. Kg4 a4 38. Nb6 Ra7 39. Nxa4 R7xa4
40. Rxa4 Rxa4 41. h5 gxh5+ 42. Kxh5 Kg7 43. Kg4 Kg6 44. f4 Rxe4 45. Kf3 Kf5 0-1

[Event "Mechanics' Winter TNM; G/2"]
[Site "San Francisco"]
[Date "2017.01.17"]
[Round "3.42"]
[White "Crofts, Jacob"]
[Black "Abraham, Michael D"]
[Result "1-0"]
[WhiteElo "1380"]
[BlackElo "1527"]
[PlyCount "101"]
[EventDate "2017.??.??"]

1. b4 d5 2. Bb2 Bf5 3. e3 Nf6 4. Nf3 e6 5. b5 Be7 6. Be2 O-O 7. O-O c6 8. c4
Nbd7 9. d4 dxc4 10. Bxc4 cxb5 11. Bxb5 Qb6 12. Qb3 Rac8 13. Nc3 Rfd8 14. Rac1
a6 15. Be2 Qd6 16. Nb1 Qb8 17. Nbd2 Ne4 18. Nc4 Rc6 19. Nce5 Nxe5 20. Nxe5 Rcc8
21. Nf3 Bg4 22. Qd3 Bf5 23. Qb3 Bd6 24. Bd3 Rd7 25. Rxc8+ Qxc8 26. Rc1 Rc7 27.
Rxc7 Qxc7 28. Qc2 Qxc2 29. Bxc2 h6 30. Ne5 b5 31. f3 Nd2 32. Bxf5 exf5 33. Bc3
Nb1 34. Ba5 Na3 35. Nc6 Nc4 36. e4 fxe4 37. fxe4 Nxa5 38. Nxa5 Bc7 39. Nc6 f6
40. Kf2 Kf7 41. h3 a5 42. Ke3 g5 43. g4 Kg6 44. Kd3 h5 45. d5 hxg4 46. hxg4 Bb6
47. d6 Kf7 48. d7 Bd8 49. Nxd8+ Ke7 50. Nc6+ Kxd7 51. Nxa5 1-0

[Event "Mechanics' Spring TNM; G/2"]
[Site "San Francisco"]
[Date "2017.03.14"]
[Round "1.24"]
[White "Crofts, Jacob"]
[Black "Anderson, Michael"]
[Result "1-0"]
[WhiteElo "1380"]
[BlackElo "1902"]
[PlyCount "85"]
[EventDate "2017.??.??"]

1. b4 Nf6 2. Bb2 b6 3. e3 Bb7 4. Nf3 e6 5. b5 Be7 6. Be2 O-O 7. O-O c5 8. d4 d5
9. c4 Nbd7 10. Nbd2 Ne4 11. cxd5 exd5 12. Nxe4 dxe4 13. Nd2 Nf6 14. Nc4 Rc8 15.
Qa4 Ra8 16. Rfd1 Qc7 17. Rd2 a6 18. Rad1 Rfd8 19. a3 Nd7 20. bxa6 Bc6 21. Qc2
Rxa6 22. Ne5 Ba4 23. Qxe4 Bxd1 24. Bxa6 Nxe5 25. Rxd1 b5 26. Bxb5 h5 27. Rc1
Ng4 28. g3 Nf6 29. Qc2 h4 30. a4 hxg3 31. hxg3 Ng4 32. Qe2 f5 33. Ba3 Bd6 34.
Qf3 g6 35. Bxc5 Kg7 36. Ba3 Qa5 37. Bxd6 Rxd6 38. Qb7+ Kh6 39. Qb8 Rd8 40. Qf4+
Kh5 41. f3 Qd2 42. fxg4+ fxg4 43. Rc5+ 1-0

[Event "Mechanics' Fall TNM; G/2 d5"]
[Site "San Francisco"]
[Date "2017.10.31"]
[Round "2.12"]
[White "Crofts, Jacob"]
[Black "Askin, Michael"]
[Result "0-1"]
[WhiteElo "1714"]
[BlackElo "1992"]
[PlyCount "38"]
[EventDate "2017.??.??"]

1. b4 e5 2. Bb2 Bxb4 3. Bxe5 Nf6 4. Nf3 O-O 5. e3 d5 6. c4 Re8 7. cxd5 Nxd5 8.
Be2 {Diagram [#]} (8. Bb2) 8... Rxe5 $1 9. Nxe5 Qf6 $1 10. f4 Nxe3 $1 11. Qa4
Nxg2+ 12. Kd1 Nxf4 13. Qe8+ Bf8 14. Nxf7 Bd7 15. Qe4 Bc6 16. Qc4 Bd5 17. Qxc7
Qxa1 18. Nh6+ Kh8 19. Kc2 Qxa2+ 0-1

[Event "Mechanics' Winter TNM; G/2"]
[Site "San Francisco"]
[Date "2017.01.31"]
[Round "5.43"]
[White "Crofts, Jacob"]
[Black "Bayaraa, Timothy"]
[Result "1-0"]
[WhiteElo "1380"]
[BlackElo "591"]
[PlyCount "57"]
[EventDate "2017.??.??"]

1. e4 e5 2. Nf3 Nc6 3. Nxe5 Nxe5 4. d4 Ng6 5. Bc4 Nh6 6. O-O Bd6 7. e5 Be7 8.
f4 d6 9. Nc3 Bg4 10. Qd3 dxe5 11. fxe5 Bg5 12. h3 Bd7 13. Ne4 Bf5 14. Bxg5 Bxe4
15. Qe3 Nf5 16. Qxe4 Qxg5 17. Rxf5 Qd2 18. Bxf7+ Kd7 19. Qd5+ Kc8 20. Bxg6 Rd8
21. Rf8 Rxf8 22. Be4 c6 23. Qe6+ Kb8 24. Qd6+ Kc8 25. Qxf8+ Kd7 26. Qd6+ Kc8
27. Rf1 Qe3+ 28. Kh1 Qxe4 29. Rf8# 1-0

[Event "Mechanics' Peter Grey TNM; G/2 d5"]
[Site "San Francisco"]
[Date "2017.08.08"]
[Round "1.32"]
[White "Crofts, Jacob"]
[Black "Cowgill, Jackie"]
[Result "1-0"]
[WhiteElo "1692"]
[BlackElo "925"]
[Annotator "Donaldson"]
[PlyCount "47"]
[EventDate "2017.??.??"]

1. c4 e5 2. g3 Nf6 3. Nc3 c6 4. Bg2 d6 5. e3 Be7 6. Nge2 O-O 7. O-O Nbd7 8. d4
Rb8 9. Qb3 exd4 10. Nxd4 Ne5 $2 {Diagram [#]} (10... Nb6) (10... Re8) 11. Nxc6
$1 bxc6 12. Qxb8 Be6 13. Qxa7 Bxc4 14. Rd1 d5 15. b3 Bd3 16. f4 d4 17. exd4 Bb4
18. Bb2 Bxc3 19. Bxc3 Be4 20. dxe5 Bd5 21. exf6 g6 22. Qe3 Qc8 23. f5 Qxf5 24.
Qh6 1-0

[Event "Mechanics' Winter TNM; G/2"]
[Site "San Francisco"]
[Date "2017.01.03"]
[Round "1.19"]
[White "Crofts, Jacob"]
[Black "Drane, Robert W"]
[Result "0-1"]
[WhiteElo "1380"]
[BlackElo "1891"]
[Annotator "Donaldson"]
[PlyCount "94"]
[EventDate "2017.??.??"]

1. b4 Nf6 2. Bb2 e6 3. b5 b6 4. Nf3 Bb7 5. e3 Be7 6. Be2 d6 7. d4 Nbd7 8. c4
Ne4 9. Nbd2 f5 10. O-O Ndf6 11. Ne1 Nxd2 12. Qxd2 O-O 13. Bf3 Ne4 14. Qc2 Qe8
15. Nd3 g5 16. Be2 Rc8 17. a4 c6 18. f3 Nf6 19. Qb3 c5 20. a5 d5 21. dxc5 dxc4
22. Qxc4 Bd5 23. Qa4 bxc5 24. Ne5 Bd6 25. Bc4 Nd7 26. Nxd7 Qxd7 27. Rad1 a6 {
Diagram [#]} 28. Rxd5 $1 Bxh2+ (28... exd5 29. Bxd5+ Rf7 30. Qb4 (30. Qc4 axb5
31. Bxf7+ Qxf7 32. Qc3)) 29. Kxh2 exd5 30. Rd1 Qc7+ 31. Kg1 dxc4 32. Qxc4+ Qf7
33. Qc3 Qf6 34. Qxf6 Rxf6 35. Bxf6 Kf7 36. Bxg5 (36. Rd8 $1 Rc7 37. b6) 36...
axb5 37. Bd8 (37. Rd8 Rc7 38. Bf4 Ra7 39. Rd5 Rxa5 40. Rxf5+ Ke6 41. Rxc5)
37... c4 38. Bb6 (38. a6) 38... b4 39. Bd4 c3 40. Rc1 (40. Kf2 b3 41. Rh1 Kg6
42. a6 c2 43. Bb2 Ra8 44. Ra1) 40... Ke6 41. Bxc3 $2 (41. Kf2) 41... bxc3 42.
a6 $2 (42. Rd1 Ra8 (42... c2 43. Rc1 Kd5 44. a6) 43. Rc1) 42... Kd5 43. Kf2 Kc4
44. Ke2 $2 (44. e4 fxe4 45. fxe4 Kd3 46. Rd1+ Kxe4 (46... Kc2 47. Rd7) 47. Ke2)
44... Kb3 45. Kd3 Rd8+ 46. Ke2 Kb2 47. Rd1 Rxd1 0-1

[Event "Mechanics' Spring TNM; G/2"]
[Site "San Francisco"]
[Date "2017.04.25"]
[Round "7.26"]
[White "Crofts, Jacob"]
[Black "Erdenebileg, Erkhes"]
[Result "1-0"]
[WhiteElo "1380"]
[BlackElo "1551"]
[PlyCount "69"]
[EventDate "2017.??.??"]

1. b4 e5 2. Bb2 d6 3. e3 Nf6 4. Be2 Be7 5. Nf3 O-O 6. c4 h6 7. O-O Bf5 8. b5 c6
9. Nc3 Re8 10. Qb3 Qc7 11. d3 Nbd7 12. e4 Bg4 13. Nd2 Bxe2 14. Nxe2 Nc5 15. Qc2
Qb6 16. Nc3 Rad8 17. Kh1 d5 18. a4 a5 19. cxd5 cxd5 20. Nxd5 Nxd5 21. exd5 Rxd5
22. Nc4 Qe6 23. Nxa5 Nxd3 24. Ba3 Rc8 25. Qb3 Bxa3 26. Qxa3 e4 27. Qa2 Qd7 28.
Nc4 Qd8 29. Nb6 Nc1 30. Qxd5 Qxb6 31. Raxc1 Rxc1 32. Rxc1 Qxf2 33. Qxe4 g6 34.
Qe5 Kh7 35. h3 1-0

[Event "Mechanics' Summer TNM; G/2 d5"]
[Site "San Francisco"]
[Date "2017.07.11"]
[Round "7.24"]
[White "Crofts, Jacob"]
[Black "Harris, Clarence"]
[Result "1-0"]
[WhiteElo "1421"]
[BlackElo "1411"]
[PlyCount "61"]
[EventDate "2017.??.??"]

1. b4 Nf6 2. Bb2 e6 3. b5 b6 4. Nf3 d6 5. e3 Bb7 6. Be2 Be7 7. O-O O-O 8. d4
Nbd7 9. Nbd2 Rc8 10. a4 c5 11. c4 Ne4 12. Nxe4 Bxe4 13. Qd2 Nf6 14. a5 Bg6 15.
axb6 axb6 16. Qd1 Ne4 17. Nd2 Bf6 18. f3 Nxd2 19. Qxd2 d5 20. Rfc1 dxc4 21.
Rxc4 Qc7 22. Rd1 Rfd8 23. Bc3 Qe7 24. Qb2 Rd7 25. dxc5 Rxd1+ 26. Bxd1 Bd3 27.
Rg4 Bxc3 28. Qxc3 Bg6 29. c6 Rc7 30. Qd4 Qc5 31. Qd8+ 1-0

[Event "Mechanics' Summer TNM; G/2 d5"]
[Site "San Francisco"]
[Date "2017.05.23"]
[Round "1.18"]
[White "Crofts, Jacob"]
[Black "Kim, Isaiah"]
[Result "1-0"]
[WhiteElo "1421"]
[BlackElo "2061"]
[PlyCount "99"]
[EventDate "2017.??.??"]

1. b4 e5 2. Bb2 Bxb4 3. Bxe5 Nf6 4. Nf3 Nc6 5. Bb2 O-O 6. e3 d6 7. Be2 Bg4 8.
O-O Re8 9. c4 Qe7 10. Nc3 Qe6 11. Ng5 Qf5 12. Bxg4 Nxg4 13. Nf3 Re6 14. Nd5 Rh6
15. Nd4 Qd7 16. Nxc6 bxc6 17. Nxb4 Nxh2 18. Re1 Qf5 19. Nxc6 Qe4 20. Nd4 Qh4
21. f3 Rf6 22. Qe2 c5 23. Qf2 Qh5 24. Qg3 Rh6 25. Ne2 f6 26. Nf4 Qf7 27. d3 Re8
28. e4 a5 29. Kf2 a4 30. Rh1 a3 31. Bc3 f5 32. Ke3 fxe4 33. fxe4 d5 34. Nxd5
Rg6 35. Qxh2 h6 36. Qf4 Qe6 37. Raf1 Rg4 38. Qf5 Rg3+ 39. Rf3 Qxf5 40. Rxg3 g5
41. Rf3 Qg6 42. Nf6+ Kf7 43. Nxe8+ Kxe8 44. Rf6 Qg8 45. Rhxh6 Kd7 46. Rd6+ Kc7
47. Be5 Kc8 48. Rc6+ Kd7 49. Rc7+ Kd8 50. Rhh7 1-0